The Mahabharata: (Record no. 11652)

MARC details
000 -LEADER
fixed length control field 00654nam a22002417a 4500
005 - DATE AND TIME OF LATEST TRANSACTION
control field 20230923102607.0
008 - FIXED-LENGTH DATA ELEMENTS--GENERAL INFORMATION
fixed length control field 230923b ||||| |||| 00| 0 eng d
020 ## - INTERNATIONAL STANDARD BOOK NUMBER
International Standard Book Number 9788129114921
040 ## - CATALOGING SOURCE
Original cataloging agency IN-DiNC
Transcribing agency IN-DiNC
041 ## - LANGUAGE CODE
Language code of sung or spoken text English
082 ## - DEWEY DECIMAL CLASSIFICATION NUMBER
Classification number 294.5923
Item number BYA
100 ## - MAIN ENTRY--PERSONAL NAME
Personal name Byasdev
Relator term Author
245 ## - TITLE STATEMENT
Title The Mahabharata:
Remainder of title a modern rendering/
Statement of responsibility, etc. by Byasdev and edited by Ramesh Menon
250 ## - EDITION STATEMENT
Edition statement 9th imp.
260 ## - PUBLICATION, DISTRIBUTION, ETC.
Place of publication, distribution, etc. New Delhi:
Name of publisher, distributor, etc. Rupa publications,
Date of publication, distribution, etc. 2016.
300 ## - PHYSICAL DESCRIPTION
Extent xxi, 846p.
650 ## - SUBJECT ADDED ENTRY--TOPICAL TERM
Topical term or geographic name entry element Adi parva
650 ## - SUBJECT ADDED ENTRY--TOPICAL TERM
Topical term or geographic name entry element Sabha parva
650 ## - SUBJECT ADDED ENTRY--TOPICAL TERM
Topical term or geographic name entry element Vana parva
650 ## - SUBJECT ADDED ENTRY--TOPICAL TERM
Topical term or geographic name entry element Virata parva
700 ## - ADDED ENTRY--PERSONAL NAME
Personal name Menon, Ramesh
Relator term Author
942 ## - ADDED ENTRY ELEMENTS (KOHA)
Source of classification or shelving scheme Dewey Decimal Classification
Koha item type Books
Holdings
Withdrawn status Lost status Source of classification or shelving scheme Damaged status Not for loan Collection code Home library Current library Shelving location Date acquired Total Checkouts Full call number Barcode Date last seen Copy number Price effective from Koha item type
    Dewey Decimal Classification     English Central Library, Naharkatiya College Central Library, Naharkatiya College General Stacks 23/09/2023   294.5923 BYA 25526 23/09/2023 1 23/09/2023 Books

Naharkatiya College © 2020. All rights reserved.

Powered By